000 00472nam a22001817a 4500
999 _c170762
_d170762
005 20191224153030.0
010 _aA-854097
020 _c80.00
035 _aA-854097
037 _bBPPD/Pub.
082 _a270.33
100 _aحبیب اشعر
245 _aانسانیت /
_cحبیب اشعر
246 _aInsaniyat /
_bby Habib Ashar
260 _c1996 ء
_aLahore
_bAdbyat
300 _a139p.
_c21cm(Hb)
942 _2ddc
_cUR
_h270.33
_mح ب ی